Bancos de Colombia - Estadísticas

Estadísticas generales
  • Esta prueba ha sido intentada 7 veces
  • La puntuación promedio es 16 de 31
Estadísticas de respuestas
Banco % Correcto
Banco Davivienda
100%
Bancolombia
100%
Banco BBVA Colombia
86%
Banco Caja Social
86%
Banco DAVIbank
86%
Banco de Bogotá
86%
Banco Pichincha
86%
Banco Agrario de Colombia
71%
Banco de Occidente
71%
Banco Popular
71%
Banco Comercial AV Villas
57%
Banco Falabella
57%
Itaú Colombia
57%
Banco Contactar
43%
Banco Coomeva
43%
Banco Finandina
43%
Banco Unión
43%
Ban100
29%
Banco BTG Pactual Colombia
29%
Banco Cooperativo Coopcentral
29%
Banco de la Microempresa de Colombia / Mibanco
29%
Banco de las Microfinanzas / Bancamía
29%
Banco GNB Sudameris
29%
Banco JP Morgan Colombia
29%
Banco Mundo Mujer
29%
Banco Santander Colombia
29%
Banco Serfinanza
29%
Banco W
29%
Citibank Colombia
29%
Lulo Bank
29%
Revolut Bank Colombia
14%
No se encontraron pruebas coincidentes
Distribución de puntuación
Porcentaje de gente con cada puntuación
Porcentaje por número respondido
Historial de tus puntuaciones
No has intentado esta prueba.